Militan demokrasi (Record no. 10821)

MARC details
000 -BAŞLIK
Sabit Uzunlukta Kontrol Alanı 00866na a2200277 4500
001 - KONTROL NUMARASI
Denetim Alanı 23177
003 - KONTROL NUMARASI IDENTIFIER
Denetim Alanı MIRAKIL
005 - SON İŞLEM TARİHİ VE ZAMANI
Denetim Alanı 20181213155334.0
008 - SABİT-BOY VERİ ELEMANLARI - GENEL BİLGİLER
Sabit Uzunlukta Kontrol Alanı 181023b tu 000 0
020 ## - ULUSLARARASI STANDART KİTAP NUMARASI
Uluslararası Standart Kitap Numarası 9786053329732
040 ## - KATALOGLAMA KAYNAK
Orijinal Kataloglama Ajansı Milas
Kataloglama Dili tur
Metne Dönüştürmek Ajansı TR-AnCHP
041 ## - DİL KODU
Metin / Ses Parça Veya Ayrı Başlığın Dil Kodu tur
082 ## - DEWEY ONLU SINIFLANDIRMA NUMARASI
Sınıflandırma Numarası 321.8
Ürün Numarası K56m 2017
090 ## - SINIFLAMA NUMARASI
Sınıflama Numarası 321.8 K56m 2017
100 ## - ANA GİRİŞ - KİŞİSEL İSİM
Kişisel Ad Kirshner, Alexander S.
245 ## - BAŞLIK TABLOSU
Başlık Militan demokrasi
Sorumluluk Tablosu, Vb Alexander S. Kirshner, Çev.Ferit Burak Aydar
260 ## - YAYIN, DAĞITIM, VB
Yayın, Dağıtım, Vb Yeri İstanbul
Yayıncı, Dağıtıcı, Vs Adı Türkiye İş Bankası Kültür Yayınları
Yayın, Dağıtım, Vb Tarihi 2017
300 ## - FİZİKSEL TANIM
Kapsam 226 s.
Boyutlar 20 sm.
440 ## - SERİSİ TABLOSU / KATMA GİRİŞİ - BAŞLIK
Başlık Türkiye İş Bankası Kültür Yayınları
Hacim / Ardışık Tanımı 3748
500 ## - GENEL NOT
Genel Not Özgün eseradı: A theory of militant democracy
504 ## - KAYNAKÇA VB NOT
Kaynakça Vb Notu Kaynakça ve dizin var.
650 ## - KONU KATMA GİRİŞ - TOPİKAL DÖNEM
Topikal Süreli Veya Coğrafi Ad Giriş Elemanı Siyaset ve yönetim
650 ## - KONU KATMA GİRİŞ - TOPİKAL DÖNEM
Topikal Süreli Veya Coğrafi Ad Giriş Elemanı Demokratik sistemler
700 ## - KATMA GİRİŞ - KİŞİSEL İSİM
Kişisel Ad Aydar, Ferit Burak
Relator Terim çev.
942 ## - EKLENDİ GİRİŞ ELEMANLARI (KOHA)
Sınıflandırma Veya Raf Düzeni Kaynak Dewey Decimal Classification
Koha Öğesi Türü Books
999 ## - SİSTEM KONTROL NUMARALARI (KOHA)
Koha Biblionumber 10821
Koha Biblioitemnumber 10821
Holdings
Kalıcı Konum Mevcut Konum Edinme Tarihi Edinim Kaynak Toplam Check-Out'Lar Tam Çağrı Numarası Barkod Tarih Son Görülme İtibaren Geçerli Fiyatlar Koha Öğesi Türü Kopya Sayısı
CHP Kütüphanesi CHP Kütüphanesi 08/01/2017 Bağış   321.8 K56m 2017 017156 08/01/2017 08/01/2017 Books  
Parti Okulu Kütüphanesi Parti Okulu Kütüphanesi 10/23/2018 Bağış   321.8 K56m 2017 P00703 10/23/2018 10/23/2018 Books k.2